Sociology : (Record no. 11654)

000 -LEADER
fixed length control field 00800cam a2200241 a 4500
020 ## - INTERNATIONAL STANDARD BOOK NUMBER
ISBN 0072824166 (annotated instructor's ed. : softcover : alk. paper)
020 ## - INTERNATIONAL STANDARD BOOK NUMBER
ISBN 9780072824162 (annotated instructor's ed. : softcover : alk. paper)
020 ## - INTERNATIONAL STANDARD BOOK NUMBER
ISBN 0072824131 (softcover : alk. paper)
020 ## - INTERNATIONAL STANDARD BOOK NUMBER
ISBN 9780072824131 (softcover : alk. paper)
040 ## - CATALOGING SOURCE
Transcribing agency DLC
082 ## - DEWEY DECIMAL CLASSIFICATION NUMBER
Classification number 301 HIL 2004 A016 Or.
100 1# - MAIN ENTRY--AUTHOR NAME
Personal name Schaefer, Richard T.
245 10 - TITLE STATEMENT
Title Sociology :
Remainder of title a brief introduction /
250 ## - EDITION STATEMENT
Edition statement 5th ed.
260 ## - PUBLICATION, DISTRIBUTION, ETC. (IMPRINT)
Place of publication Boston :
Name of publisher McGraw-Hill,
Year of publication c2004.
300 ## - PHYSICAL DESCRIPTION
Number of Pages xxxiii, 493 p. :
Other physical details col. ill. ;
Dimensions 27 cm.
500 ## - GENERAL NOTE
General note Gift from Michael Roberts.
500 ## - GENERAL NOTE
General note "Annotated instructor's edition."
650 #0 - SUBJECT ADDED ENTRY--TOPICAL TERM
Topical Term Sociology.
650 #4 - SUBJECT ADDED ENTRY--TOPICAL TERM
Topical Term Sociolog©Ưa.
650 #4 - SUBJECT ADDED ENTRY--TOPICAL TERM
Topical Term Estados Unidos
942 ## - ADDED ENTRY ELEMENTS (KOHA)
Koha item type សៀវភៅភាសាអង់គ្លេស
952 ## - LOCATION AND ITEM INFORMATION (KOHA)
Withdrawn status [LOCAL, KOHA] 0
Holdings
Permanent Location Date acquired Koha item type Lost status Shelving location Barcode Current Location Full call number
Library Block A2017-08-04សៀវភៅភាសាអង់គ្លេស A016A13402Library Block A301 HIL 2004 A016 Or.
មជ្ឈមណ្ឌលឯការនៃសាកលវិទ្យាល័យភូមិន្ទកសិកម្មចំការដូង

Powered by Koha